[Event "Oberliga Nord O 2122"]
[Site "Germany"]
[Date "2022.04.03"]
[Round "8.5"]
[White "Wierzbicki, Jirawat"]
[Black "Stopsack, Malte"]
[Result "1-0"]
[WhiteElo "2159"]
[BlackElo "2219"]
[PlyCount "83"]
[EventDate "2021.10.31"]
[EventType "team-tourn"]
[EventRounds "9"]
[EventCountry "GER"]
[SourceTitle "EXT 2023"]
[Source "ChessBase"]
[SourceDate "2022.10.05"]
[SourceVersion "1"]
[SourceVersionDate "2022.10.05"]
[SourceQuality "1"]
[WhiteTeam "Koenig Tegel II"]
[BlackTeam "Greifswald"]
[WhiteTeamCountry "GER"]
[BlackTeamCountry "GER"]

1. e4 g6 2. d4 Bg7 3. c3 d6 4. Nf3 Nf6 5. Bd3 0-0 6. 0-0 Nc6 7. h3 e5 8. Re1 exd4 9. cxd4 Nb4 10. Bf1 c5 11. Nc3 cxd4 12. Nxd4 d5 13. a3 Nc6 14. e5 Ne8 15. f4 Nc7 16. Be3 f6 17. exf6 Qxf6 18. Ndb5 Nxb5 19. Qxd5+ Kh8 20. Bxb5 Bf5 21. Bxc6 bxc6 22. Qc4 Rab8 23. Na4 Rbe8 24. Bc5 Rg8 25. Nc3 Rb8 26. Qe2 Qh4 27. Bd6 Rbd8 28. Be7 Qxf4 29. Bxd8 Rxd8 30. Rad1 Rf8 31. Rf1 Qg5 32. Rf3 c5 33. Rdf1 h5 34. Kh1 Rd8 35. Rd1 Rb8 36. Qd2 Qh4 37. Rf4 Qg5 38. Rb4 cxb4 39. Qxg5 bxc3 40. Rd8+ Kh7 41. Rxb8 cxb2 42. Rxb2 1-0

[Event "Oberliga Nord O 1920"]
[Site "Germany"]
[Date "2021.08.14"]
[Round "8.7"]
[White "Gross, Thorsten"]
[Black "Wierzbicki, Jirawat"]
[Result "1/2-1/2"]
[WhiteElo "2141"]
[BlackElo "2149"]
[PlyCount "138"]
[EventDate "2019.09.29"]
[EventType "team-tourn"]
[EventRounds "9"]
[EventCountry "GER"]
[SourceTitle "EXT 2023"]
[Source "ChessBase"]
[SourceDate "2022.10.05"]
[SourceVersion "1"]
[SourceVersionDate "2022.10.05"]
[SourceQuality "1"]
[WhiteTeam "Berlin Weisse Dame"]
[BlackTeam "Koenig Tegel II"]
[WhiteTeamCountry "GER"]
[BlackTeamCountry "GER"]

1. e4 e5 2. Nf3 Nc6 3. Bb5 a6 4. Ba4 Nf6 5. d4 exd4 6. 0-0 Be7 7. e5 Ne4 8. Re1 Nc5 9. Bxc6 dxc6 10. Nxd4 0-0 11. Nc3 Re8 12. Be3 Bf8 13. f4 f6 14. Bf2 fxe5 15. fxe5 Qg5 16. Qe2 Ne6 17. Nf3 Qg4 18. h3 Qb4 19. Rab1 Bc5 20. a3 Qb6 21. Ne4 Bxf2+ 22. Qxf2 Qxf2+ 23. Kxf2 Bd7 24. Rbd1 Re7 25. Rd2 c5 26. Nc3 Bc6 27. Nd5 Rf7 28. Kg3 Re8 29. Re3 b5 30. b3 Rd7 31. Red3 Red8 32. Ne7+ Rxe7 33. Rxd8+ Nxd8 34. Rxd8+ Kf7 35. Kf4 h6 36. h4 Ke6 37. Rd2 Rf7+ 38. Ke3 Bxf3 39. gxf3 Kxe5 40. Rg2 Kd5 41. Rd2+ Ke5 42. Rg2 Re7 43. Rg4 Kf5+ 44. Kd3 g5 45. hxg5 hxg5 46. Rg1 Re5 47. Rg4 Rd5+ 48. Ke2 Rd4 49. Rg1 a5 50. Ke3 a4 51. Rh1 Rh4 52. Rd1 Ke6 53. Rg1 Rh2 54. bxa4 bxa4 55. Rxg5 Rxc2 56. Kd3 Ra2 57. Rxc5 Rxa3+ 58. Kc2 Kd6 59. Ra5 c5 60. f4 Kd5 61. Kb2 Rb3+ 62. Kc2 Rb4 63. f5 Rf4 64. f6 Rxf6 65. Rxa4 c4 66. Ra8 Rf2+ 67. Kc3 Rf3+ 68. Kc2 Kd4 69. Rd8+ Kc5 1/2-1/2

[Event "GER-ch U18 sf Berlin Online"]
[Site "Playchess.com INT"]
[Date "2020.05.01"]
[Round "10"]
[White "Khachatryan, Taron"]
[Black "Wierzbicki, Jirawat"]
[Result "0-1"]
[WhiteElo "1546"]
[BlackElo "1897"]
[PlyCount "60"]
[EventDate "2020.05.01"]
[EventType "swiss (blitz)"]
[EventRounds "13"]
[EventCountry "GER"]
[SourceTitle "CBM 195 Extra"]
[Source "ChessBase"]
[SourceDate "2020.05.31"]
[SourceVersion "1"]
[SourceVersionDate "2020.05.31"]
[SourceQuality "1"]

1. Nf3 d5 2. g3 Bg4 3. Bg2 Nd7 4. d3 e6 5. 0-0 Bd6 6. Nbd2 Ne7 7. c3 0-0 8. e4 c6 9. Qc2 Qc7 10. a4 a5 11. Re1 e5 12. Nh4 Be6 13. h3 f5 14. Ndf3 h6 15. exf5 Bxf5 16. Nxf5 Nxf5 17. Bd2 Rae8 18. Nh2 Bc5 19. Nf1 Bxf2+ 20. Kh2 Bxe1 21. Rxe1 Nf6 22. Qd1 e4 23. d4 e3 24. Bxe3 Nxe3 25. Rxe3 Rxe3 26. Nxe3 Ne4 27. Bxe4 dxe4 28. Qg4 Rf2+ 29. Kg1 Qf7 30. Qxe4 Re2 0-1

[Event "GER-ch U18 sf Berlin Online"]
[Site "Playchess.com INT"]
[Date "2020.05.01"]
[Round "12"]
[White "Wierzbicki, Jirawat"]
[Black "Bosselmann, Tom Linus"]
[Result "1-0"]
[WhiteElo "1897"]
[BlackElo "1767"]
[PlyCount "91"]
[EventDate "2020.05.01"]
[EventType "swiss (blitz)"]
[EventRounds "13"]
[EventCountry "GER"]
[SourceTitle "CBM 195 Extra"]
[Source "ChessBase"]
[SourceDate "2020.05.31"]
[SourceVersion "1"]
[SourceVersionDate "2020.05.31"]
[SourceQuality "1"]

1. e4 c5 2. Nf3 d6 3. Bb5+ Nd7 4. Ba4 Ngf6 5. 0-0 g6 6. Re1 Bg7 7. c3 0-0 8. d4 e5 9. dxe5 dxe5 10. Bg5 Qc7 11. c4 h6 12. Bxf6 Nxf6 13. Nc3 a6 14. Qe2 Be6 15. Nd5 Bxd5 16. exd5 Nd7 17. Bxd7 Qxd7 18. Nxe5 Qc7 19. Nd3 b5 20. Rac1 b4 21. b3 a5 22. Qe3 Bc3 23. Red1 Bd4 24. Qxh6 a4 25. h4 axb3 26. axb3 Ra2 27. Rd2 Bg7 28. Qe3 Bd4 29. Qe2 Rxd2 30. Qxd2 Ra8 31. Nxb4 Qa5 32. Rd1 Bxf2+ 33. Kxf2 cxb4 34. Kg1 Qd8 35. Qf2 Ra3 36. Qg3 Ra6 37. d6 Rc6 38. Qe5 Qxh4 39. Qe8+ Kg7 40. Qxc6 Qg4 41. Qf3 Qd7 42. Qd3 Qa7+ 43. Qd4+ Qxd4+ 44. Rxd4 Kf6 45. d7 Ke7 46. d8Q+ 1-0

[Event "GER-ch U18 sf Berlin Online"]
[Site "Playchess.com INT"]
[Date "2020.05.01"]
[Round "11"]
[White "Wierzbicki, Jirawat"]
[Black "Spitzl, Vinzent"]
[Result "0-1"]
[WhiteElo "1897"]
[BlackElo "2063"]
[PlyCount "116"]
[EventDate "2020.05.01"]
[EventType "swiss (blitz)"]
[EventRounds "13"]
[EventCountry "GER"]
[SourceTitle "CBM 195 Extra"]
[Source "ChessBase"]
[SourceDate "2020.05.31"]
[SourceVersion "1"]
[SourceVersionDate "2020.05.31"]
[SourceQuality "1"]

1. e4 c6 2. d4 d5 3. exd5 cxd5 4. Bd3 Nc6 5. c3 Qc7 6. Ne2 Nf6 7. 0-0 g6 8. Bf4 Qb6 9. b3 Bg7 10. Re1 0-0 11. h3 Ne4 12. Bxe4 dxe4 13. Nd2 e5 14. Nc4 Qa6 15. Nxe5 Nxe5 16. dxe5 Be6 17. Nd4 Qa5 18. Nxe6 fxe6 19. Rxe4 Qxc3 20. Rc4 Qa5 21. Qd7 Qd5 22. Rd1 Qxd7 23. Rxd7 Rad8 24. Rxb7 Rd1+ 25. Kh2 g5 26. Rcc7 Bh8 27. Bg3 h5 28. h4 gxh4 29. Bxh4 Bxe5+ 30. Bg3 Bxc7 31. Rxc7 Rf7 32. Rc6 Re1 33. b4 Kg7 34. a4 Re4 35. Bd6 Rxf2 36. Rc7+ Rf7 37. Rc5 Kg6 38. Ra5 Re2 39. Bc5 Rb2 40. b5 Rd7 41. Bxa7 Rdd2 42. b6 Rxg2+ 43. Kh1 Rgd2 44. b7 Rd1+ 45. Bg1 Rxb7 46. Ra6 Rbb1 47. Rxe6+ Kf5 48. Re8 Rxg1+ 49. Kh2 Rh1+ 50. Kg2 Rbg1+ 51. Kf2 Rf1+ 52. Kg2 Rhg1+ 53. Kh2 Ra1 54. Ra8 Rgb1 55. Ra5+ Kg6 56. Ra8 Rb2+ 57. Kg3 Ra3+ 58. Kh4 Rb4# 0-1

[Event "GER-ch Net Amateur Gr-A Vor3"]
[Site "Playchess.com INT"]
[Date "2020.04.16"]
[Round "3"]
[White "Meschke, Andreas"]
[Black "Wierzbicki, Jirawat"]
[Result "0-1"]
[WhiteElo "1609"]
[BlackElo "1896"]
[PlyCount "84"]
[EventDate "2020.04.16"]
[EventType "swiss (blitz)"]
[EventRounds "9"]
[EventCountry "GER"]
[SourceTitle "CBM 195 Extra"]
[Source "ChessBase"]
[SourceDate "2020.05.31"]
[SourceVersion "1"]
[SourceVersionDate "2020.05.31"]
[SourceQuality "1"]

1. e4 e5 2. Nf3 Nc6 3. Bc4 Bc5 4. c3 Nf6 5. b4 Bb6 6. d3 d6 7. 0-0 0-0 8. a4 a5 9. Ba3 Ne7 10. Nh4 c6 11. Nd2 d5 12. Bb3 axb4 13. Bxb4 Re8 14. Bxe7 Qxe7 15. Qf3 Be6 16. Nf5 Bxf5 17. Qxf5 Rad8 18. Nf3 g6 19. Qh3 dxe4 20. dxe4 Nxe4 21. Rae1 Ng5 22. Nxg5 Qxg5 23. Kh1 Kg7 24. Qf3 Re7 25. Qe4 Rd2 26. f4 exf4 27. Qf3 Rxe1 28. Rxe1 Rf2 29. Qe4 f3 30. g3 Rxh2+ 31. Kxh2 Qd2+ 32. Kh3 Qg2+ 33. Kg4 f5+ 34. Qxf5 gxf5+ 35. Kxf5 Qxg3 36. Re7+ Kf8 37. Rf7+ Ke8 38. Rxh7 f2 39. Rh8+ Ke7 40. Rh7+ Kd6 41. Rh6+ Kc5 42. Rh1 Qf3+ 0-1

[Event "GER-ch Net Amateur Gr-A Vor3"]
[Site "Playchess.com INT"]
[Date "2020.04.16"]
[Round "8"]
[White "Wierzbicki, Jirawat"]
[Black "Kilian, Markus"]
[Result "1-0"]
[WhiteElo "1921"]
[BlackElo "1966"]
[PlyCount "105"]
[EventDate "2020.04.16"]
[EventType "swiss (blitz)"]
[EventRounds "9"]
[EventCountry "GER"]
[SourceTitle "CBM 195 Extra"]
[Source "ChessBase"]
[SourceDate "2020.05.31"]
[SourceVersion "1"]
[SourceVersionDate "2020.05.31"]
[SourceQuality "1"]

1. e4 g6 2. d4 Bg7 3. c3 d6 4. Bd3 Nf6 5. Nf3 0-0 6. 0-0 Nc6 7. Nbd2 e5 8. Re1 h6 9. Nf1 Nh5 10. Be3 Nf4 11. Bxf4 exf4 12. h3 f5 13. exf5 Bxf5 14. Bxf5 Rxf5 15. Qb3+ Kh7 16. Qxb7 Na5 17. Qe4 Rb8 18. b3 Qf8 19. Qe7 Nc6 20. Qd7 Rb6 21. Re8 Qf7 22. Qxf7 Rxf7 23. N1d2 Nb8 24. Rae1 Nd7 25. R8e7 Kg8 26. Re8+ Rf8 27. Rxf8+ Kxf8 28. Nh4 Kf7 29. Nhf3 c5 30. Nc4 Ra6 31. a4 cxd4 32. Nxd4 Bxd4 33. cxd4 d5 34. Ne5+ Nxe5 35. Rxe5 Rb6 36. Rxd5 Rxb3 37. Rd7+ Kf6 38. Rxa7 Rb4 39. d5 Rd4 40. Ra6+ Kf7 41. d6 g5 42. Kf1 Ke6 43. Ke2 h5 44. Kf3 Rd3+ 45. Ke2 Rd4 46. Ra5 g4 47. hxg4 hxg4 48. Ra6 f3+ 49. gxf3 gxf3+ 50. Kxf3 Kd7 51. Ke3 Rxd6 52. Rxd6+ Kxd6 53. f4 1-0

[Event "GER-ch Net Amateur Gr-A Vor3"]
[Site "Playchess.com INT"]
[Date "2020.04.16"]
[Round "7"]
[White "Wierzbicki, Jirawat"]
[Black "Kotyk, Michael"]
[Result "1/2-1/2"]
[WhiteElo "1918"]
[BlackElo "1966"]
[PlyCount "108"]
[EventDate "2020.04.16"]
[EventType "swiss (blitz)"]
[EventRounds "9"]
[EventCountry "GER"]
[SourceTitle "CBM 195 Extra"]
[Source "ChessBase"]
[SourceDate "2020.05.31"]
[SourceVersion "1"]
[SourceVersionDate "2020.05.31"]
[SourceQuality "1"]

1. e4 e5 2. Nf3 Nc6 3. Bc4 Nf6 4. d3 d5 5. exd5 Nxd5 6. 0-0 Bc5 7. Bb5 f6 8. Re1 0-0 9. Nbd2 Nb6 10. Bxc6 bxc6 11. Nf1 Bg4 12. Ng3 Qd7 13. h3 Be6 14. Qe2 Rad8 15. Ne4 Be7 16. Be3 Bd5 17. Nc5 Bxc5 18. Bxc5 Rfe8 19. Be3 Qf7 20. Rad1 a5 21. b3 a4 22. c4 Be6 23. d4 axb3 24. axb3 e4 25. Nd2 f5 26. f3 f4 27. Bxf4 Qxf4 28. Qxe4 Qxe4 29. Rxe4 Bf5 30. Rf4 Bg6 31. Kf2 Re7 32. Ne4 Bxe4 33. Rxe4 Rxe4 34. fxe4 c5 35. Ke3 cxd4+ 36. Rxd4 Rxd4 37. Kxd4 Kf7 38. Kc5 Ke7 39. Kc6 Kd8 40. c5 Nd7 41. b4 Ne5+ 42. Kd5 Nd3 43. b5 Nf4+ 44. Kc6 Nxg2 45. b6 cxb6 46. cxb6 Kc8 47. e5 Nf4 48. Kd6 g5 49. e6 Nxe6 50. Kxe6 h5 51. Kf5 g4 52. hxg4 hxg4 53. Kxg4 Kb7 54. Kf5 Kxb6 1/2-1/2

[Event "GER-ch Net Amateur Gr-A Vor2"]
[Site "Playchess.com INT"]
[Date "2020.04.15"]
[Round "3"]
[White "Roettig, Hans Peter"]
[Black "Wierzbicki, Jirawat"]
[Result "0-1"]
[WhiteElo "1819"]
[BlackElo "1937"]
[PlyCount "30"]
[EventDate "2020.04.15"]
[EventType "swiss (blitz)"]
[EventRounds "9"]
[EventCountry "GER"]
[SourceTitle "CBM 196 Extra"]
[Source "ChessBase"]
[SourceDate "2020.07.31"]
[SourceVersion "1"]
[SourceVersionDate "2020.07.31"]
[SourceQuality "1"]

1. e4 e5 2. Nf3 Nc6 3. Bb5 a6 4. Ba4 Nf6 5. d3 b5 6. Bb3 Be7 7. g4 h6 8. g5 hxg5 9. Nxg5 d5 10. exd5 Nd4 11. Nxf7 Kxf7 12. d6+ Nxb3 13. dxe7 Qd5 14. e8Q+ Rxe8 15. Ke2 Bg4+ 0-1

[Event "GER-ch Net Amateur Gr-A Vor2"]
[Site "Playchess.com INT"]
[Date "2020.04.15"]
[Round "6"]
[White "Wierzbicki, Jirawat"]
[Black "Costa, Leonardo"]
[Result "1/2-1/2"]
[WhiteElo "1937"]
[BlackElo "1880"]
[PlyCount "134"]
[EventDate "2020.04.15"]
[EventType "swiss (blitz)"]
[EventRounds "9"]
[EventCountry "GER"]
[SourceTitle "CBM 196 Extra"]
[Source "ChessBase"]
[SourceDate "2020.07.31"]
[SourceVersion "1"]
[SourceVersionDate "2020.07.31"]
[SourceQuality "1"]

1. e4 e5 2. Nf3 Nc6 3. Bc4 Bc5 4. 0-0 Nf6 5. d3 d6 6. c3 a6 7. Bb3 Ba7 8. Nbd2 0-0 9. h3 Be6 10. Re1 Qc8 11. Nf1 Bxh3 12. gxh3 Qxh3 13. N3h2 Kh8 14. Qf3 Qh4 15. Qg3 Qh5 16. Bd1 Qg6 17. Qxg6 fxg6 18. Be3 Bxe3 19. Nxe3 Ne7 20. Bf3 h5 21. d4 g5 22. Rad1 g4 23. Bg2 Rad8 24. dxe5 dxe5 25. Rxd8 Rxd8 26. Rd1 Rxd1+ 27. Nxd1 Kg8 28. Ne3 g6 29. Nhf1 Kf7 30. Nd2 Ke6 31. c4 c6 32. Nb3 Nd7 33. Kf1 b6 34. Ke2 Nc8 35. Nf1 Nd6 36. Nbd2 b5 37. cxb5 cxb5 38. f3 Nf6 39. fxg4 Nxg4 40. Bh3 Kf6 41. Bxg4 hxg4 42. Kf2 Kg5 43. Kg3 Ne8 44. Ne3 Nf6 45. Nd5 Ne8 46. Nb3 Nd6 47. Nc5 a5 48. Ne3 a4 49. Nxg4 Nc4 50. b3 axb3 51. axb3 Nd2 52. Ne6+ Kh5 53. Nf6+ Kh6 54. Nc5 Kg7 55. Ng4 Kf7 56. Nxe5+ Kf6 57. Ned3 g5 58. e5+ Kf5 59. Kf2 g4 60. e6 Kf6 61. Ke3 Nxb3 62. Ne4+ Kxe6 63. Kf4 Kd5 64. Nc3+ Kc4 65. Nxb5 Kxb5 66. Kxg4 Kc4 67. Kg5 Kxd3 1/2-1/2

[Event "GER-ch Net Amateur Gr-A Vor2"]
[Site "Playchess.com INT"]
[Date "2020.04.15"]
[Round "8"]
[White "Wierzbicki, Jirawat"]
[Black "Leers Fischer, Hans"]
[Result "1-0"]
[WhiteElo "1937"]
[BlackElo "1756"]
[PlyCount "53"]
[EventDate "2020.04.15"]
[EventType "swiss (blitz)"]
[EventRounds "9"]
[EventCountry "GER"]
[SourceTitle "CBM 196 Extra"]
[Source "ChessBase"]
[SourceDate "2020.07.31"]
[SourceVersion "1"]
[SourceVersionDate "2020.07.31"]
[SourceQuality "1"]

1. e4 e6 2. d4 d5 3. Nd2 Nf6 4. e5 Nfd7 5. Bd3 c5 6. c3 Nc6 7. Ne2 cxd4 8. cxd4 f6 9. exf6 Nxf6 10. 0-0 Bd6 11. Nf3 Qc7 12. Nc3 a6 13. Re1 0-0 14. h3 Bd7 15. Be3 Rae8 16. a3 Bc8 17. Rc1 Qf7 18. Ng5 Qe7 19. Bb1 h6 20. Nf3 e5 21. dxe5 Nxe5 22. Nxe5 Qxe5 23. f4 Qh5 24. Ba2 Qh4 25. Nxd5 Nxd5 26. Qxd5+ Re6 27. Qxd6 1-0

[Event "Berlin Lichtenrade op 15th"]
[Site "Berlin"]
[Date "2019.10.18"]
[Round "7"]
[White "Wierzbicki, Jirawat"]
[Black "Rosmait, Emily"]
[Result "1-0"]
[WhiteElo "2114"]
[BlackElo "1908"]
[PlyCount "47"]
[EventDate "2019.10.12"]
[EventType "swiss"]
[EventRounds "9"]
[EventCountry "GER"]
[SourceTitle "CBM 195 Extra"]
[Source "ChessBase"]
[SourceDate "2020.05.31"]
[SourceVersion "1"]
[SourceVersionDate "2020.05.31"]
[SourceQuality "1"]

1. e4 d6 2. d4 Nf6 3. Bd3 e5 4. c3 g6 5. Nf3 Nbd7 6. 0-0 Bg7 7. Re1 0-0 8. Nbd2 Re8 9. Qe2 d5 10. Nxe5 Nxe5 11. dxe5 Rxe5 12. f4 Re8 13. e5 d4 14. c4 c5 15. Qf3 Ng4 16. h3 Qh4 17. Re2 Ne3 18. Ne4 g5 19. Bxe3 dxe3 20. Nxg5 Bxe5 21. g3 Qh6 22. Qe4 Kg7 23. Qd5 Re7 24. Nxf7 1-0

[Event "Berlin Lichtenrade op 15th"]
[Site "Berlin"]
[Date "2019.10.15"]
[Round "4"]
[White "Noetzel, Felix"]
[Black "Wierzbicki, Jirawat"]
[Result "1-0"]
[WhiteElo "2233"]
[BlackElo "2114"]
[PlyCount "131"]
[EventDate "2019.10.12"]
[EventType "swiss"]
[EventRounds "9"]
[EventCountry "GER"]
[SourceTitle "CBM 192 Extra"]
[Source "Chessbase"]
[SourceDate "2019.11.06"]
[SourceVersion "1"]
[SourceVersionDate "2019.11.06"]
[SourceQuality "1"]

1. c4 e5 2. Nc3 Nf6 3. g3 d5 4. cxd5 Nxd5 5. Bg2 Nb6 6. Nf3 Nc6 7. 0-0 Be7 8. a3 0-0 9. b4 Be6 10. Rb1 f6 11. b5 Nd4 12. e3 Nf5 13. d4 exd4 14. Nxd4 Nxd4 15. exd4 Rb8 16. Re1 Bf7 17. a4 Re8 18. Bf4 Nc4 19. Qd3 Bd6 20. Rxe8+ Qxe8 21. Nd5 Bxf4 22. gxf4 Nb6 23. Nxb6 cxb6 24. d5 Qd7 25. d6 Rd8 26. Rd1 Qg4 27. Qd4 h6 28. Kh1 Rd7 29. Rd3 Qe2 30. Re3 Qc2 31. Bxb7 Qc5 32. Rd3 Qxd4 33. Rxd4 Bb3 34. f5 Kf7 35. Bc6 Rd8 36. Kg2 g6 37. fxg6+ Kxg6 38. Kg3 Kf5 39. d7 Be6 40. Kf3 Ke5 41. Ke3 f5 42. f4+ Kf6 43. Kf3 Ke7 44. Kg3 Rg8+ 45. Kh4 Rg4+ 46. Kh3 Rg8 47. Rd3 Rf8 48. Re3 Kf6 49. Kg3 Rg8+ 50. Kh4 Rd8 51. Rg3 Bc4 52. Re3 Be6 53. Re5 Rf8 54. Kg3 Rg8+ 55. Kf2 Rd8 56. Ke3 Bxd7 57. Rd5 Re8+ 58. Kd3 Be6 59. Rd6 Re7 60. Bd5 h5 61. Kd4 Re8 62. Bxe6 Rxe6 63. Kd5 Rxd6+ 64. Kxd6 Kf7 65. Ke5 Kg6 66. h4 1-0

[Event "Berlin Lichtenrade op 15th"]
[Site "Berlin"]
[Date "2019.10.13"]
[Round "2"]
[White "Guder, Sibylle"]
[Black "Wierzbicki, Jirawat"]
[Result "0-1"]
[WhiteElo "1915"]
[BlackElo "2114"]
[PlyCount "112"]
[EventDate "2019.10.12"]
[EventType "swiss"]
[EventRounds "9"]
[EventCountry "GER"]
[SourceTitle "CBM 195 Extra"]
[Source "ChessBase"]
[SourceDate "2020.05.31"]
[SourceVersion "1"]
[SourceVersionDate "2020.05.31"]
[SourceQuality "1"]

1. Nf3 d5 2. e3 Nf6 3. c4 dxc4 4. Bxc4 e6 5. 0-0 Bd6 6. b3 Qe7 7. Bb2 0-0 8. d4 Nbd7 9. Qc2 e5 10. dxe5 Nxe5 11. Nxe5 Bxe5 12. Bxe5 Qxe5 13. Nd2 Bg4 14. Rae1 Rad8 15. Be2 Bf5 16. Qc1 Qa5 17. Nf3 Ne4 18. Qb2 c5 19. a3 Bg4 20. b4 Qb6 21. Rd1 c4 22. Bxc4 Bxf3 23. gxf3 Qg6+ 24. Kh1 Rxd1 25. Rxd1 Qh5 26. Kg2 Ng5 27. Be2 Qh3+ 28. Kg1 Nxf3+ 29. Bxf3 Qxf3 30. Re1 Qg4+ 31. Kh1 Qe4+ 32. Kg1 Rd8 33. Rc1 Qg4+ 34. Kh1 h5 35. Qe5 h4 36. Rf1 Qf3+ 37. Kg1 Rd5 38. Qb8+ Kh7 39. Qf4 Qxf4 40. exf4 Rd3 41. Ra1 h3 42. Kf1 g6 43. Ke2 Rb3 44. Rc1 Rxa3 45. Rc7 b6 46. Rxf7+ Kg8 47. Rc7 b5 48. Rd7 a6 49. Rd3 Ra4 50. Rb3 Kf7 51. Kd2 Ke6 52. Ke3 Kd5 53. Kd3 Ra2 54. Ke3 Kc4 55. Rb1 Ra4 56. Kf3 Rxb4 0-1

[Event "Berlin Lichtenberger op 18th"]
[Site "Berlin"]
[Date "2019.08.25"]
[Round "9"]
[White "Landt, Stefan"]
[Black "Wierzbicki, Jirawat"]
[Result "0-1"]
[WhiteElo "1910"]
[BlackElo "2160"]
[PlyCount "108"]
[EventDate "2019.08.17"]
[EventType "swiss"]
[EventRounds "9"]
[EventCountry "GER"]
[SourceTitle "EXT 2020"]
[Source "ChessBase"]
[SourceDate "2019.10.17"]
[SourceVersion "1"]
[SourceVersionDate "2019.10.17"]
[SourceQuality "1"]

1. d4 d5 2. Nf3 Nf6 3. c4 dxc4 4. e3 Bg4 5. h3 Bh5 6. Bxc4 e6 7. Nc3 Nc6 8. 0-0 Bd6 9. b3 0-0 10. Bb2 a6 11. Be2 Qe8 12. Ne5 Bxe2 13. Nxe2 Rd8 14. Qc1 Nb4 15. Nf4 Qe7 16. a3 Nbd5 17. Nfd3 Ne4 18. Nc4 f5 19. Qe1 Qg5 20. Nde5 Be7 21. f3 Nd6 22. Bc1 Qf6 23. Ra2 c5 24. e4 fxe4 25. Ng4 Qxd4+ 26. Kh1 Nxc4 27. bxc4 Qxc4 28. Rb2 exf3 29. Qxe6+ Kh8 30. Rg1 Rd6 31. Qe5 f2 32. Rxf2 Rxf2 33. Nxf2 Qd4 34. Qe2 Qh4 35. Bb2 Rd8 36. Ng4 Bd6 37. Re1 h5 38. Ne5 Bxe5 39. Qxe5 Nf6 40. Qc3 Qg5 41. Qf3 Qd5 42. Qg3 Re8 43. Rxe8+ Nxe8 44. Qe3 Qc6 45. Qg5 b5 46. Qxh5+ Kg8 47. Bc3 c4 48. Qe5 Nf6 49. Qe7 Qb6 50. h4 Qf2 51. Qe6+ Kh7 52. Qh3 Qf1+ 53. Kh2 Qd3 54. Qxd3+ cxd3 0-1

[Event "Berlin Lichtenberger op 18th"]
[Site "Berlin"]
[Date "2019.08.19"]
[Round "3"]
[White "Zuehlke, Burkhard"]
[Black "Wierzbicki, Jirawat"]
[Result "0-1"]
[WhiteElo "2009"]
[BlackElo "2160"]
[PlyCount "92"]
[EventDate "2019.08.17"]
[EventType "swiss"]
[EventRounds "9"]
[EventCountry "GER"]
[SourceTitle "EXT 2020"]
[Source "ChessBase"]
[SourceDate "2019.10.17"]
[SourceVersion "1"]
[SourceVersionDate "2019.10.17"]
[SourceQuality "1"]

1. d4 d5 2. c4 dxc4 3. e4 Nc6 4. Nf3 Bg4 5. d5 Ne5 6. Bf4 Ng6 7. Bg3 Nf6 8. Nc3 e5 9. Bxc4 Bd6 10. Qd3 a6 11. 0-0 Nh5 12. Ne2 Nxg3 13. Nxg3 Nf4 14. Qc3 Qf6 15. Rfe1 h5 16. Bf1 h4 17. Nf5 g5 18. Rac1 Ng6 19. Qb3 Rb8 20. Nxd6+ cxd6 21. Bxa6 0-0 22. Bf1 h3 23. Nd2 hxg2 24. Bxg2 Nf4 25. Bf1 Kh7 26. Qg3 Bh5 27. Nc4 Qg6 28. Bh3 Kg7 29. Bf5 Qf6 30. Kf1 b5 31. Nd2 Nxd5 32. Nf3 Bxf3 33. Qxf3 Nf4 34. Rc3 Rh8 35. h3 d5 36. Rec1 Rb6 37. Qg4 Rh6 38. Qf3 dxe4 39. Bxe4 Rxh3 40. Qg4 Rh4 41. Qg3 Rd6 42. Rc6 Ne2 43. Qg2 Nxc1 44. Rxd6 Qf4 45. Rd8 Nxa2 46. Ke1 Qxe4+ 0-1

[Event "Berlin Werner Ott op"]
[Site "Berlin"]
[Date "2019.06.22"]
[Round "1"]
[White "Wierzbicki, Jirawat"]
[Black "Zhou, Lepu Coco"]
[Result "1-0"]
[WhiteElo "2152"]
[BlackElo "1724"]
[PlyCount "119"]
[EventDate "2019.06.22"]
[EventType "swiss"]
[EventRounds "9"]
[EventCountry "GER"]
[SourceTitle "EXT 2022"]
[Source "ChessBase"]
[SourceDate "2021.10.06"]
[SourceVersion "1"]
[SourceVersionDate "2021.10.06"]
[SourceQuality "1"]

1. e4 e5 2. Nf3 Nc6 3. Bc4 Nf6 4. d3 Be7 5. 0-0 0-0 6. Re1 d6 7. a4 Be6 8. a5 Bxc4 9. dxc4 a6 10. c3 Nd7 11. b4 f5 12. exf5 Rxf5 13. Qd3 Rf7 14. Nbd2 e4 15. Nxe4 Nce5 16. Nxe5 Nxe5 17. Qe2 Bh4 18. Be3 Qe7 19. Rad1 Re8 20. Nd2 Qd7 21. h3 Qf5 22. Rf1 Nd3 23. Qf3 Qc8 24. Qd5 Ne5 25. Ne4 h6 26. c5 dxc5 27. Bxc5 Kh8 28. f4 Rd7 29. Qb3 Nd3 30. Qc2 Qd8 31. Bd4 Nxb4 32. Bxg7+ Kxg7 33. cxb4 Rxd1 34. Rxd1 Qe7 35. Rd4 Be1 36. f5 Kf8 37. Qc1 Qh4 38. Qc5+ Kg8 39. f6 Qf4 40. Qd5+ Kh8 41. Qh5 Rf8 42. Qg6 Rg8 43. Rd8 Bf2+ 44. Nxf2 Qc1+ 45. Nd1 Qxd1+ 46. Rxd1 Rxg6 47. Rd8+ Rg8 48. Rd7 Rc8 49. Re7 Kg8 50. g4 b6 51. h4 bxa5 52. bxa5 c5 53. g5 Rc6 54. Kf2 c4 55. Ke2 hxg5 56. hxg5 Rd6 57. Rc7 Re6+ 58. Kf3 Re5 59. Kf4 Re1 60. Kf5 1-0

[Event "Berlin Lichtenrade op 14th"]
[Site "Berlin"]
[Date "2018.11.04"]
[Round "9"]
[White "Schumann, Rabea"]
[Black "Wierzbicki, Jirawat"]
[Result "1/2-1/2"]
[WhiteElo "1903"]
[BlackElo "2199"]
[PlyCount "42"]
[EventDate "2018.10.27"]
[EventType "swiss"]
[EventRounds "9"]
[EventCountry "GER"]
[SourceTitle "CBM 187 Extra"]
[Source "ChessBase"]
[SourceDate "2018.11.04"]
[SourceVersion "1"]
[SourceVersionDate "2018.11.04"]
[SourceQuality "1"]

1. c4 e5 2. g3 Nf6 3. Bg2 d5 4. cxd5 Nxd5 5. Nc3 Nb6 6. Nf3 Nc6 7. 0-0 Be7 8. a3 0-0 9. d3 Be6 10. Be3 Nd5 11. Nxd5 Bxd5 12. Rc1 f6 13. Qa4 Kh8 14. b4 a6 15. Bc5 Qe8 16. Qc2 Bd6 17. e4 Bf7 18. d4 exd4 19. Nxd4 Nxd4 20. Bxd4 Rc8 21. Bc5 Bxc5 1/2-1/2

[Event "Berlin Lichtenrade op 14th"]
[Site "Berlin"]
[Date "2018.10.29"]
[Round "3"]
[White "Wierzbicki, Jirawat"]
[Black "Rakotomaharo, Fy Antenaina"]
[Result "1/2-1/2"]
[WhiteElo "2199"]
[BlackElo "2422"]
[PlyCount "88"]
[EventDate "2018.10.27"]
[EventType "swiss"]
[EventRounds "9"]
[EventCountry "GER"]
[SourceTitle "CBM 187 Extra"]
[Source "ChessBase"]
[SourceDate "2018.11.04"]
[SourceVersion "1"]
[SourceVersionDate "2018.11.04"]
[SourceQuality "1"]

1. e4 g6 2. d4 Bg7 3. c3 d6 4. Nf3 Nf6 5. Bd3 0-0 6. 0-0 Nc6 7. Nbd2 e5 8. h3 a5 9. a4 exd4 10. Nxd4 Nd7 11. Nxc6 bxc6 12. Nf3 Ba6 13. Be3 c5 14. Bxa6 Rxa6 15. Nd2 Qb8 16. Qc2 Qb7 17. Rfe1 Raa8 18. b3 Rae8 19. Rad1 Re6 20. f3 Rb8 21. Rb1 Rbe8 22. Nc4 Qa8 23. Bf2 c6 24. Qd2 d5 25. exd5 cxd5 26. Na3 Qc6 27. Nb5 Nb6 28. Rxe6 fxe6 29. Kh1 Kh8 30. Qe3 Nd7 31. Rd1 Rf8 32. Bg3 e5 33. Qd2 d4 34. cxd4 cxd4 35. Rc1 Qd5 36. Qxa5 Bh6 37. Rb1 Rxf3 38. gxf3 Qxf3+ 39. Kh2 Qe2+ 40. Kg1 Be3+ 41. Kh1 Qf3+ 42. Kh2 Qe2+ 43. Kh1 Qf3+ 44. Kh2 Qe2+ 1/2-1/2